Central Library OPAC University of Rajshahi

Village, caste, gender and method : (Record no. 34734)

MARC details
000 -LEADER
fixed length control field 00899nam a2200265Ia 4500
001 - CONTROL NUMBER
control field 34734
003 - CONTROL NUMBER IDENTIFIER
rucl marc code BD-RjUL
005 - DATE AND TIME OF LATEST TRANSACTION
control field 20211209052213.0
008 - FIXED-LENGTH DATA ELEMENTS--GENERAL INFORMATION
fixed length control field 140519t19981996ii b 001 0 eng d
020 ## - INTERNATIONAL STANDARD BOOK NUMBER
International Standard Book Number 0195645596
035 ## - SYSTEM CONTROL NUMBER
System control number (BD-RjUL)34828
040 ## - CATALOGING SOURCE
Original cataloging agency FUG
Transcribing agency FUG
Language of cataloging eng
Modifying agency BD-RjUL
041 ## - LANGUAGE CODE
Language code of text/sound track or separate title eng
082 04 - DEWEY DECIMAL CLASSIFICATION NUMBER
Classification number 306.0954
Author mark and year SRV 1998
100 1# - MAIN ENTRY--PERSONAL NAME
Personal name Srinivas, Mysore Narasimhachar.
9 (RLIN) 65888
245 10 - TITLE STATEMENT
Title Village, caste, gender and method :
Remainder of title essays in Indian social anthropology /
Statement of responsibility, etc. M.N. Srinivas.
260 ## - PUBLICATION, DISTRIBUTION, ETC. (IMPRINT)
Place of publication, distribution, etc. Delhi ;
-- New York :
Name of publisher, distributor, etc. Oxford University Press,
Date of publication, distribution, etc. c1996 [1998].
300 ## - PHYSICAL DESCRIPTION
Pagination xvii, 244 p. ;
Size 22 cm.
504 ## - BIBLIOGRAPHY, ETC. NOTE
Bibliography, etc Includes bibliographical references (p. [234]-239) and index.
650 #0 - SUBJECT ADDED ENTRY--TOPICAL TERM
Topical term or geographic name as entry element Caste
Geographic subdivision India.
9 (RLIN) 105679
Topical term or geographic name as entry element Social structure
Geographic subdivision India.
9 (RLIN) 105283
Topical term or geographic name as entry element Women
Geographic subdivision India
General subdivision Social conditions.
9 (RLIN) 5623
942 ## - ADDED ENTRY ELEMENTS (KOHA)
Source of classification or shelving scheme Dewey Decimal Classification
Koha item type Books
Holdings
Lost status Source of classification or shelving scheme Damaged status Not for loan Collection code Permanent Location Current Location Shelving location Date acquired Source of acquisition Cost, normal purchase price Total Checkouts Full call number Date last seen Copy number Koha item type
  Dewey Decimal Classification   Not For Loan Non-fiction Central Library, University of Rajshahi Central Library, University of Rajshahi Reading Room 03/04/2000 Dhaka, Licky Syndicate. 360.00   306.0954 SRV 1998 19/05/2014 C-1 Books